Biologie. 1

Hlavní autor: Kufner, Josef
Jazyk: Čeština
Vydáno: Praha, 1969
Knihy
Uloženo v:
LEADER 00460nam a22001692a 4500
001 000389535
003 CZ BrMZK
005 19980105143423.0
007 ta
008 980105s1969 xr f cze d
040 |a BOA001  |b cze 
100 1 |a Kufner, Josef  |7 jk01070688 
245 1 0 |a Biologie.  |n 1 
260 |a Praha,  |c 1969 
910 |a BOA001  |b 4-0632.973,1 
990 |a BK 
996 7 |b 2619804773  |c 4-0632.973,1  |l MZK  |r Sklad / do 1 hodiny  |n 6  |w 000389535  |u 000010  |a 1  |e BOA001  |j MZK50  |s A